Online Catalogue and eLibrary

Colonialism/postcolonialism / (Record no. 611)

MARC details
000 -LEADER
fixed length control field 00560cam a2200217 i 4500
001 - CONTROL NUMBER
control field 18328689
005 - DATE AND TIME OF LATEST TRANSACTION
control field 20240325075341.0
008 - FIXED-LENGTH DATA ELEMENTS--GENERAL INFORMATION
fixed length control field 141008s2015 enk b 001 0 eng
020 ## - INTERNATIONAL STANDARD BOOK NUMBER
ISBN 0415128080
020 ## - INTERNATIONAL STANDARD BOOK NUMBER
ISBN 0415128099
040 ## - CATALOGING SOURCE (பட்டியலாக்க மூலம்)
Original cataloging agency DLC
Language of cataloging eng
Transcribing agency DLC
Description conventions rda
Modifying agency DLC
082 00 - DDC Classification
Class No. 325.3
DDC Edition Number 23
Item Number - Author Mark COL.
100 1# - MAIN ENTRY--PERSONAL NAME
Personal name Loomba, Ania.
245 10 - TITLE STATEMENT
Title Colonialism/postcolonialism /
Statement of responsibility, etc. Ania Loomba.
250 ## - EDITION STATEMENT
Edition statement Third edition.
260 ## - PUBLICATION, DISTRIBUTION, ETC.
Place of publication, distribution, etc. London :
Name of publisher, distributor, etc. Routledge /
Date of publication, distribution, etc. 1998.
300 ## - PHYSICAL DESCRIPTION
Extent (e.g. Volumes, Pages etc.) 289 pages ;
490 0# - SERIES STATEMENT
Series statement New critical idiom
650 #0 - SUBJECT ADDED ENTRY--TOPICAL TERM
Topical term or geographic name entry element Postcolonialism.
942 ## - Koha item type (Biblio)
Koha item type Books in Stacks (Lending)
Holdings
Lost status Damaged status Collection code Home library Current library Date acquired Full call number Accession Number Item type
    Lending WERC Library WERC Library 03/25/2024 325.3 COL. 2685 Books in Stacks (Lending)

© WERC Library